Postavenie a zodpovednosť znalca v slovenskom právnom poriadku
Salvato in:
| Autore principale: | |
|---|---|
| Altri autori: | |
| Natura: | Libro |
| Lingua: | slovacco |
| Pubblicazione: |
Bratislava
Wolters Kluwer
2014
|
| Serie: | Právna monografia
|
| Soggetti: | |
| Tags: |
Nessun Tag, puoi essere il primo ad aggiungerne!!
|
MARC
| LEADER | 00000nam a2200000 4500 | ||
|---|---|---|---|
| 001 | 0198051 | ||
| 005 | 20240314094511.6 | ||
| 020 | |a 978-80-8168-099-1 | ||
| 041 | 0 | |a slo | |
| 044 | |a SK | ||
| 245 | 1 | 0 | |a Postavenie a zodpovednosť znalca v slovenskom právnom poriadku |c Peter Strapáč, Marián Ďurana |
| 264 | 1 | |a Bratislava |b Wolters Kluwer |c 2014 | |
| 300 | |a 401 s. | ||
| 490 | 1 | |a Právna monografia | |
| 830 | 0 | |a Právna monografia | |
| 610 | 2 | 0 | |a znalectvo |
| 610 | 2 | 0 | |a tlmočníci |
| 610 | 2 | 0 | |a prekladatelia |
| 610 | 2 | 0 | |a legislatíva |
| 610 | 2 | 0 | |a poriadok právny |
| 610 | 2 | 0 | |a vývoj |
| 610 | 2 | 0 | |a úpravy právne |
| 610 | 2 | 0 | |a posudky znalecké |
| 610 | 2 | 0 | |a právomoc |
| 610 | 2 | 0 | |a priestupky |
| 610 | 2 | 0 | |a zodpovednosť |
| 610 | 2 | 0 | |a právo súkromné |
| 610 | 2 | 0 | |a právo obchodné |
| 610 | 2 | 0 | |a právo trestné |
| 610 | 2 | 0 | |a konanie správne |
| 610 | 2 | 0 | |a zákony |
| 610 | 2 | 0 | |a Slovensko |
| 100 | 1 | |a Strapáč, Peter | |
| 700 | 1 | |a Ďurana, Marián | |